<?xml version="1.0" encoding="UTF-8"?>
<record
    xmlns:xsi="http://www.w3.org/2001/XMLSchema-instance"
    xsi:schemaLocation="http://www.loc.gov/MARC21/slim http://www.loc.gov/standards/marcxml/schema/MARC21slim.xsd"
    xmlns="http://www.loc.gov/MARC21/slim">

  <leader>03173cam a22004454i 4500</leader>
  <controlfield tag="003">PE-LiUPU</controlfield>
  <controlfield tag="005">20250731165440.0</controlfield>
  <controlfield tag="008">160613s2012    pe a   grm    000 0 spa d</controlfield>
  <datafield tag="035" ind1=" " ind2=" ">
    <subfield code="a">(Sirsi) a157209</subfield>
  </datafield>
  <datafield tag="040" ind1=" " ind2=" ">
    <subfield code="a">PE-LiUPU</subfield>
    <subfield code="b">spa</subfield>
    <subfield code="c">PE-LiUPU</subfield>
    <subfield code="e">rda</subfield>
  </datafield>
  <datafield tag="099" ind1=" " ind2=" ">
    <subfield code="a">TIS 2</subfield>
    <subfield code="b">T87 2012</subfield>
  </datafield>
  <datafield tag="100" ind1="1" ind2=" ">
    <subfield code="a">Tuco Calizaya, Wilson Fredy,</subfield>
    <subfield code="e">autor</subfield>
  </datafield>
  <datafield tag="245" ind1="1" ind2=" ">
    <subfield code="a">Efectividad del Framework basado en el patr&#xF3;n de dise&#xF1;o Modelo-Vista-Presentador en el desarrollo de aplicaciones Web Ajax para la entidad privada BluelStar Energy Solutions /</subfield>
    <subfield code="c">Wilson Fredy Tuco Calizaya.</subfield>
  </datafield>
  <datafield tag="264" ind1=" " ind2="0">
    <subfield code="c">2012.</subfield>
  </datafield>
  <datafield tag="300" ind1=" " ind2=" ">
    <subfield code="a">194 hojas : </subfield>
    <subfield code="b">ilustraciones;</subfield>
    <subfield code="c">27.5 cm</subfield>
  </datafield>
  <datafield tag="336" ind1=" " ind2=" ">
    <subfield code="a">text</subfield>
    <subfield code="2">rdacontent</subfield>
  </datafield>
  <datafield tag="337" ind1=" " ind2=" ">
    <subfield code="a">unmediated</subfield>
    <subfield code="2">rdamedia</subfield>
  </datafield>
  <datafield tag="338" ind1=" " ind2=" ">
    <subfield code="a">volume</subfield>
    <subfield code="2">rdacarrier</subfield>
  </datafield>
  <datafield tag="502" ind1=" " ind2=" ">
    <subfield code="a">Tesis</subfield>
    <subfield code="b">(Lic.) -- </subfield>
    <subfield code="c">Universidad Peruana Uni&#xF3;n,</subfield>
    <subfield code="d">2012.</subfield>
  </datafield>
  <datafield tag="504" ind1=" " ind2=" ">
    <subfield code="a">Incluye referencias</subfield>
  </datafield>
  <datafield tag="520" ind1="3" ind2=" ">
    <subfield code="a">El presente trabajo exhibe un estudio acerca de la tecnolog&#xED;a AJAX, con el objetivo de brindar un &#xE1;mbito conceptual acerca de los distintos aspectos relacionados a las mismas y proponer un framework para un eficiente desarrollo de aplicaciones Web Ajax. En la actualidad muchos de los desarrolladores de software estamos acostumbrados a no utilizar un patr&#xF3;n de dise&#xF1;o o un estandar para poder dise&#xF1;ar, codificar e implementar un sofware o una herramienta, y debido a esto muchas veces el c&#xF3;digo  es ilegible y realizar mejoras o pruebas es un poco complicado m&#xE1;s a&#xFA;n en aplicaciones Web Ajax. Adem&#xE1;s algunas veces nos enfocamos a desarrollar partes de la aplicaci&#xF3;n para las cuales ya existe una soluci&#xF3;n bien implementada y probada que har&#xED;a m&#xE1;s f&#xE1;cil, consistente y estructurada nuestra labor. Se propone desarrollar un framework basado en un patr&#xF3;n de dise&#xF1;o que pueda adaptarse mejor a las aplicaciones Web Ajax como es el patr&#xF3;n Modelo-Vista- Presentador a diferencia del patr&#xF3;n Modelo-Vista-Controlador, a la vez aprovechar herramientas para el desarrollo de aplicaciones ajax como es el SDK GWT y los framework Spring e Hibernate que haremos el uso en la parte de modelo y persistencia, permiti&#xE9;ndonos a los desarrolladores implementar de manera independiente las diferentes capas que constituyen una aplicaci&#xF3;n. Este modelo proporciona una organizaci&#xF3;n del dise&#xF1;o del sofware que aporta independencia entre las capas del mismo (vista, presentador y modelo), lo cual permite aislar los problemas propios de cada capa y resolverlos sin tener en consideraci&#xF3;n los dem&#xE1;s. Por otra parte la independencia entre capas hace que sean f&#xE1;cilmente sustituibles, evitando dependencias y facilitando la reusabilidad, logrando una aplicaci&#xF3;n de calidad.</subfield>
  </datafield>
  <datafield tag="526" ind1=" " ind2=" ">
    <subfield code="a">SEG44</subfield>
  </datafield>
  <datafield tag="526" ind1=" " ind2=" ">
    <subfield code="a">SEG26</subfield>
  </datafield>
  <datafield tag="526" ind1=" " ind2=" ">
    <subfield code="a">P151</subfield>
  </datafield>
  <datafield tag="526" ind1=" " ind2=" ">
    <subfield code="a">P150</subfield>
  </datafield>
  <datafield tag="526" ind1=" " ind2=" ">
    <subfield code="a">P149</subfield>
  </datafield>
  <datafield tag="526" ind1=" " ind2=" ">
    <subfield code="a">P146</subfield>
  </datafield>
  <datafield tag="526" ind1=" " ind2=" ">
    <subfield code="a">P145</subfield>
  </datafield>
  <datafield tag="526" ind1=" " ind2=" ">
    <subfield code="a">P126</subfield>
  </datafield>
  <datafield tag="526" ind1=" " ind2=" ">
    <subfield code="a">P125</subfield>
  </datafield>
  <datafield tag="526" ind1=" " ind2=" ">
    <subfield code="a">P92</subfield>
  </datafield>
  <datafield tag="526" ind1=" " ind2=" ">
    <subfield code="a">P75</subfield>
  </datafield>
  <datafield tag="526" ind1=" " ind2=" ">
    <subfield code="a">P74</subfield>
  </datafield>
  <datafield tag="526" ind1=" " ind2=" ">
    <subfield code="a">P27</subfield>
  </datafield>
  <datafield tag="526" ind1=" " ind2=" ">
    <subfield code="a">P15</subfield>
  </datafield>
  <datafield tag="650" ind1="0" ind2="4">
    <subfield code="a">Aplicaciones web</subfield>
    <subfield code="x">Dise&#xF1;o web.</subfield>
  </datafield>
  <datafield tag="596" ind1=" " ind2=" ">
    <subfield code="a">1</subfield>
  </datafield>
  <datafield tag="942" ind1=" " ind2=" ">
    <subfield code="2">ddc</subfield>
    <subfield code="c">TESIS</subfield>
  </datafield>
  <datafield tag="999" ind1=" " ind2=" ">
    <subfield code="a">TIS 2 T87 2012</subfield>
    <subfield code="w">ALPHANUM</subfield>
    <subfield code="c">9880</subfield>
    <subfield code="i">T01581</subfield>
    <subfield code="l">CCODEBUL3</subfield>
    <subfield code="m">BUL</subfield>
    <subfield code="r">1</subfield>
    <subfield code="s">Y</subfield>
    <subfield code="t">TESIS</subfield>
    <subfield code="u">2016-6-13</subfield>
    <subfield code="x">INGENIERIA</subfield>
    <subfield code="P">P27</subfield>
    <subfield code="o">.STAFF. Tesis</subfield>
    <subfield code="d">9880</subfield>
  </datafield>
  <datafield tag="980" ind1=" " ind2=" ">
    <subfield code="8">1</subfield>
    <subfield code="g">ALBERTO SANCHEZ Responsable de Automatizaci&#xF3;n</subfield>
  </datafield>
  <datafield tag="952" ind1=" " ind2=" ">
    <subfield code="r">2022-07-06 00:00:00</subfield>
    <subfield code="l">0</subfield>
    <subfield code="o">TIS 2 T87 2012</subfield>
    <subfield code="p">T01581</subfield>
    <subfield code="t">e1</subfield>
    <subfield code="w">2016-06-13</subfield>
    <subfield code="x">FIA</subfield>
    <subfield code="y">TESIS</subfield>
    <subfield code="z">Este &#xCD;tem NO se presta por ser Ejemplar #1.</subfield>
    <subfield code="1">0</subfield>
    <subfield code="2">ddc</subfield>
    <subfield code="7">1</subfield>
    <subfield code="8">TESIS</subfield>
    <subfield code="f">P27</subfield>
    <subfield code="a">BUL</subfield>
    <subfield code="b">BUL</subfield>
    <subfield code="c">TESIS</subfield>
    <subfield code="d">2016-06-13</subfield>
  </datafield>
</record>
